The Ugly Japanese : Nippon's economic empire in Asia

Bibliographic Details
Main Author: Bartu, Friedemann
Format: Book
Published: Singapore : Longman Singapore , 1992
Subjects:

MARC

LEADER 00000cam a2200000 7i4500
001 0000001761
002 000001918
005 20000330.0
020 |a 9971898683 
090 0 0 |a 330.9952   |b BAR 
100 1 |a Bartu, Friedemann 
245 1 4 |a The Ugly Japanese :   |b Nippon's economic empire in Asia   |c Friedemann Bartu 
260 |a Singapore :   |b Longman Singapore ,   |c 1992 
300 |a 287p. ;   |c 20 cm. 
651 0 |a Japan   |x Economic conditions 
651 0 |a Japan   |x Economic development 
999 |a 033771   |b BUKU   |c PINJAMAN   |e PERPUSTAKAAN KOMUNITI PETALING JAYA